[Event "Deutsche Ländermeisterschaft 2015"]
[Site "Hannover GER"]
[Date "2015.10.06"]
[Round "6"]
[White "Schwarz, Larissa"]
[Black "Biastoch, Bennet"]
[Result "1-0"]
[Termination "normal"]
[Board "3.6"]
[WhiteElo "1928"]
[BlackElo "2006"]
[WhiteClock "00:13:43"]
[BlackClock "00:09:12"]
[WhiteTeam "Rheinland-Pfalz"]
[BlackTeam "Sachsen-Anhalt"]
[PlyCount "117"]
[WhiteFideId "24699004"]
[BlackFideId "12939889"]
[EventCountry "GER"]
[EventRounds "7"]
[EventType "team-swiss"]
[EventDate "2015.10.02"]

1. e4 c5 2. Nf3 d6 3. d4 cxd4 4. Nxd4 Nf6 5. Nc3 a6 6. Be2 e6 7. O-O Nbd7 8. f4
b5 9. Bf3 Bb7 10. e5 Bxf3 11. Nxf3 dxe5 12. fxe5 Bc5+ 13. Kh1 Ng4 14. Ne4 Qb6
15. Bf4 Rd8 16. Qe2 O-O 17. Nfg5 Nh6 18. Qh5 Be3 19. Bg3 Bxg5 20. Qxg5 Qd4 21.
Nf6+ Nxf6 22. exf6 Qg4 23. Qxg7+ Qxg7 24. fxg7 Kxg7 25. Bf4 Nf5 26. a4 b4 27.
Rad1 Rc8 28. Rf2 Rc4 29. g4 Ne7 30. Rd7 Nc8 31. h3 Re4 32. Bd2 a5 33. c3 Nb6
34. Rb7 Nc4 35. cxb4 Nxd2 36. Rxd2 axb4 37. a5 Ra8 38. Rf2 Rxa5 39. Rfxf7+ Kg8
40. Rg7+ Kh8 41. Rxh7+ Kg8 42. Rhc7 Ra8 43. Rc2 Re3 44. Kg2 b3 45. Rd2 Rc8 46.
h4 Rc2 47. Rxc2 bxc2 48. Rc7 Re2+ 49. Kf3 c1=Q 50. Rxc1 Rxb2 51. Kf4 Kf7 52.
Kg5 Rb5+ 53. Kh6 e5 54. Rc7+ Kf8 55. g5 Rb1 56. g6 Rg1 57. g7+ Kg8 58. Rc8+ Kf7
59. Rf8+ 1-0

[Event "Deutsche Ländermeisterschaft 2015"]
[Site "Hannover GER"]
[Date "2015.10.06"]
[Round "6"]
[White "Post, Hugo"]
[Black "Ley, Sabrina"]
[Result "1-0"]
[Termination "normal"]
[Board "3.7"]
[WhiteElo "1748"]
[BlackElo "1833"]
[WhiteClock "00:31:13"]
[BlackClock "00:19:47"]
[WhiteTeam "Sachsen-Anhalt"]
[BlackTeam "Rheinland-Pfalz"]
[PlyCount "95"]
[WhiteFideId "12962490"]
[BlackFideId "12938130"]
[EventCountry "GER"]
[EventRounds "7"]
[EventType "team-swiss"]
[EventDate "2015.10.02"]

1. e4 e6 2. d4 d5 3. Nd2 Nc6 4. Ngf3 Nf6 5. e5 Nd7 6. Bd3 f6 7. exf6 Qxf6 8.
Nb3 Bd6 9. O-O Nf8 10. Bg5 Qf7 11. Re1 Ng6 12. c4 O-O 13. a3 h6 14. Be3 Nf4 15.
Bxf4 Bxf4 16. Qc2 Qf6 17. Rad1 h5 18. h4 e5 19. cxd5 Nxd4 20. Nbxd4 exd4 21.
Qc4 Bg4 22. Qxd4 Qxd4 23. Nxd4 Bxd1 24. Rxd1 Be5 25. Ne6 Rf6 26. b4 Rc8 27. b5
Kf7 28. Be4 Bd6 29. a4 g6 30. Rc1 Ke7 31. g3 c6 32. Ng5 c5 33. Nh7 Rf5 34. Bxf5
gxf5 35. Ng5 Be5 36. Re1 Kf6 37. Nh7+ Kg7 38. Rxe5 Kxh7 39. d6 Kg6 40. Kf1 Rd8
41. Rxc5 Rxd6 42. a5 Rd7 43. Ke2 Kf6 44. Ke3 Kg6 45. Kf4 Rf7 46. Ke5 Re7+ 47.
Kd6 Kf6 48. Rxf5+ 1-0

[Event "Deutsche Ländermeisterschaft 2015"]
[Site "Hannover GER"]
[Date "2015.10.06"]
[Round "6"]
[White "Kalina, Lena"]
[Black "Stowicek, Yara Mathilda"]
[Result "0-1"]
[Termination "normal"]
[Board "3.8"]
[WhiteElo "1086"]
[BlackElo "1485"]
[WhiteClock "00:48:12"]
[BlackClock "00:16:49"]
[WhiteTeam "Rheinland-Pfalz"]
[BlackTeam "Sachsen-Anhalt"]
[PlyCount "134"]
[WhiteFideId "12988014"]
[BlackFideId "16203569"]
[EventCountry "GER"]
[EventRounds "7"]
[EventType "team-swiss"]
[EventDate "2015.10.02"]

1. e4 e5 2. Nf3 Nc6 3. Bb5 a6 4. Bxc6 dxc6 5. Nc3 Bd6 6. d3 Bg4 7. h3 Bh5 8.
Qe2 Nf6 9. Bg5 h6 10. Bh4 g5 11. Bg3 Qe7 12. h4 O-O-O 13. Qe3 Bc5 14. Qe2 Kb8
15. Bxe5 Bxf3 16. Bxf6 Bxe2 17. Bxe7 Bxe7 18. Kxe2 gxh4 19. g3 hxg3 20. fxg3
Bg5 21. g4 Rde8 22. Raf1 Rh7 23. Rf5 Rg7 24. Kf3 Kc8 25. b3 b6 26. Na4 Kd7 27.
Nb2 b5 28. c4 Re6 29. Nd1 Ke7 30. d4 f6 31. d5 cxd5 32. cxd5 Re5 33. Nf2 Rh7
34. Nh3 Rxf5+ 35. gxf5 Rg7 36. Nf2 Rh7 37. Nd3 Kd6 38. Rc1 Kd7 39. Nc5+ Kd8 40.
Nxa6 h5 41. Kg3 Bxc1 42. Nc5 Ba3 43. Ne6+ Kd7 44. Nd4 Bd6+ 45. Kg2 b4 46. Nc6
Rg7+ 47. Kh3 Rg4 48. Nd4 Rxe4 49. Ne6 Re5 50. Ng7 Rxd5 51. Kh4 Rd2 52. Kxh5
Rxa2 53. Kg6 Be5 54. Kf7 Ra3 55. Ne6 Kd6 56. Nd8 Rxb3 57. Nb7+ Kd5 58. Na5 Ra3
59. Nb7 b3 60. Nd8 b2 61. Ne6 b1=Q 62. Ng7 Ra8 63. Kg6 Qg1+ 64. Kf7 Bd6 65. Ne8
Kc6 66. Ng7 Rf8+ 67. Ke6 Qe1# 0-1

[Event "Deutsche Ländermeisterschaft 2015"]
[Site "Hannover GER"]
[Date "2015.10.06"]
[Round "6"]
[White "Holtel, Jasper"]
[Black "Uksini, Bardhyl"]
[Result "1-0"]
[Termination "normal"]
[Board "4.1"]
[WhiteTitle "FM"]
[WhiteElo "2316"]
[BlackElo "2307"]
[WhiteClock "00:39:32"]
[BlackClock "00:38:59"]
[WhiteTeam "Nordrhein-Westfalen"]
[BlackTeam "Hamburg"]
[PlyCount "101"]
[WhiteFideId "12956376"]
[BlackFideId "1628313"]
[EventCountry "GER"]
[EventRounds "7"]
[EventType "team-swiss"]
[EventDate "2015.10.02"]

1. e4 c5 2. Nf3 e6 3. d4 cxd4 4. Nxd4 Nc6 5. Nc3 Qc7 6. g3 a6 7. Bg2 d6 8. O-O
Bd7 9. Re1 Be7 10. Nxc6 Bxc6 11. Bf4 Nf6 12. e5 dxe5 13. Bxe5 Qb6 14. Bd4 Qc7
15. Be5 Qb6 16. Bd4 Bc5 17. Bxc6+ Qxc6 18. Bxf6 gxf6 19. Ne4 Be7 20. Qh5 Qb5
21. Nxf6+ Bxf6 22. Rxe6+ Be7 23. Re5 Qd7 24. Rae1 Kd8 25. Rd1 Bd6 26. Red5 Kc7
27. Rxd6 Qxd6 28. Qxf7+ Kc6 29. Rxd6+ Kxd6 30. Qxb7 h5 31. c4 h4 32. gxh4 Rhg8+
33. Kf1 Ke5 34. Qd5+ Kf4 35. Qf7+ Ke4 36. Ke2 Rad8 37. b3 Rgf8 38. Qe6+ Kf4 39.
Qe3+ Kf5 40. Qg5+ Ke6 41. f4 a5 42. Qxa5 Rd6 43. Qe5+ Kd7 44. Qg7+ Ke8 45. Qc7
Rff6 46. c5 Rc6 47. Qb8+ Ke7 48. b4 Ra6 49. Qb7+ Kf8 50. Qd5 Rxf4 51. Qd8+ 1-0

[Event "Deutsche Ländermeisterschaft 2015"]
[Site "Hannover GER"]
[Date "2015.10.06"]
[Round "6"]
[White "Kramer, Julian"]
[Black "Schröder, Kevin"]
[Result "1-0"]
[Termination "normal"]
[Board "4.2"]
[WhiteTitle "FM"]
[WhiteElo "2323"]
[BlackElo "2298"]
[WhiteClock "00:11:43"]
[BlackClock "00:03:25"]
[WhiteTeam "Hamburg"]
[BlackTeam "Nordrhein-Westfalen"]
[PlyCount "109"]
[WhiteFideId "12921742"]
[BlackFideId "12929840"]
[EventCountry "GER"]
[EventRounds "7"]
[EventType "team-swiss"]
[EventDate "2015.10.02"]

1. e4 c5 2. Nf3 Nc6 3. d4 cxd4 4. Nxd4 Nf6 5. Nc3 e5 6. Ndb5 d6 7. Bg5 a6 8.
Na3 b5 9. Nd5 Be7 10. Bxf6 Bxf6 11. c4 b4 12. Nc2 Rb8 13. b3 O-O 14. g3 g6 15.
Nxf6+ Qxf6 16. Bg2 a5 17. O-O Bb7 18. Qd2 a4 19. Rfd1 Rfd8 20. h4 Kg7 21. Qe1
Bc8 22. Rd3 Bg4 23. Qd2 Qe7 24. Kh2 Ra8 25. Nxb4 Nxb4 26. Qxb4 axb3 27. Qxb3
Be6 28. a4 Qa7 29. Kg1 Qc5 30. Qa3 Qxc4 31. a5 Ra6 32. Re3 Qc6 33. Bf1 Ra7 34.
Qa4 Qc5 35. Qa3 Qd4 36. Qc3 d5 37. exd5 Rxd5 38. a6 Bf5 39. Bg2 Rd6 40. Bf1 f6
41. Rc1 Qd5 42. Qb4 Rdd7 43. Rec3 Qd4 44. Qb8 e4 45. Qf4 Re7 46. h5 h6 47. Rc7
Qb6 48. R7c6 Qb2 49. hxg6 Bxg6 50. Rc7 f5 51. Rxa7 Rxa7 52. Rc7+ Rxc7 53. Qxc7+
Kf6 54. Qc6+ Kg5 55. a7 1-0

[Event "Deutsche Ländermeisterschaft 2015"]
[Site "Hannover GER"]
[Date "2015.10.06"]
[Round "6"]
[White "Mundorf, Johannes"]
[Black "Pfreundt, Jakob"]
[Result "1/2-1/2"]
[Termination "normal"]
[Board "4.3"]
[WhiteElo "2211"]
[BlackElo "2274"]
[WhiteClock "00:55:58"]
[BlackClock "01:03:43"]
[WhiteTeam "Nordrhein-Westfalen"]
[BlackTeam "Hamburg"]
[PlyCount "44"]
[WhiteFideId "24672491"]
[BlackFideId "12918156"]
[EventCountry "GER"]
[EventRounds "7"]
[EventType "team-swiss"]
[EventDate "2015.10.02"]

1. Nf3 Nf6 2. g3 g6 3. b3 b6 4. Bg2 Bb7 5. Bb2 Bg7 6. O-O O-O 7. c4 c5 8. Nc3
Nc6 9. d4 Nxd4 10. Nxd4 Bxg2 11. Kxg2 cxd4 12. Qxd4 d5 13. cxd5 e6 14. Rfd1
Nxd5 15. Qd3 Nxc3 16. Bxc3 Qxd3 17. Rxd3 Rfc8 18. Bxg7 Kxg7 19. Rad1 Rc2 20.
R1d2 Rac8 21. Rd7 Rxd2 22. Rxd2 Rc7 1/2-1/2

[Event "Deutsche Ländermeisterschaft 2015"]
[Site "Hannover GER"]
[Date "2015.10.06"]
[Round "6"]
[White "Engel, Luis"]
[Black "Kuckling, Hannah"]
[Result "1-0"]
[Termination "normal"]
[Board "4.4"]
[WhiteElo "2166"]
[BlackElo "1988"]
[WhiteClock "00:23:31"]
[BlackClock "00:30:28"]
[WhiteTeam "Hamburg"]
[BlackTeam "Nordrhein-Westfalen"]
[PlyCount "59"]
[WhiteFideId "12961523"]
[BlackFideId "24603660"]
[EventCountry "GER"]
[EventRounds "7"]
[EventType "team-swiss"]
[EventDate "2015.10.02"]

1. d4 d5 2. c4 e6 3. Nc3 a6 4. cxd5 exd5 5. Nf3 c6 6. Bf4 Bd6 7. Bxd6 Qxd6 8.
e3 Ne7 9. Bd3 O-O 10. Qc2 g6 11. O-O Bf5 12. Bxf5 Nxf5 13. e4 dxe4 14. Nxe4 Qb4
15. Rad1 Nd7 16. d5 cxd5 17. Rxd5 Rac8 18. Qb1 Nc5 19. Nf6+ Kg7 20. Rxf5 gxf5
21. Qxf5 Ne6 22. Qe5 Qc5 23. Nd5+ Kg8 24. b4 Qxd5 25. Qxd5 Rc7 26. Ng5 Rc6 27.
Nxe6 Rxe6 28. Qxb7 Rfe8 29. h3 R8e7 30. Qf3 1-0

[Event "Deutsche Ländermeisterschaft 2015"]
[Site "Hannover GER"]
[Date "2015.10.06"]
[Round "6"]
[White "Browning, Alex"]
[Black "Rogozenco, Teodora"]
[Result "0-1"]
[Termination "normal"]
[Board "4.5"]
[WhiteElo "1936"]
[BlackElo "2110"]
[WhiteClock "00:01:16"]
[BlackClock "00:01:40"]
[WhiteTeam "Nordrhein-Westfalen"]
[BlackTeam "Hamburg"]
[PlyCount "74"]
[WhiteFideId "12984019"]
[BlackFideId "12938084"]
[EventCountry "GER"]
[EventRounds "7"]
[EventType "team-swiss"]
[EventDate "2015.10.02"]

1. e4 e5 2. Nf3 Nc6 3. Bb5 a6 4. Ba4 Nf6 5. O-O Be7 6. Re1 b5 7. Bb3 O-O 8. a4
b4 9. d4 d6 10. dxe5 dxe5 11. Nbd2 Bg4 12. c3 Bc5 13. Qc2 Qe7 14. h3 Bh5 15.
Bd5 Na5 16. Bxa8 Rxa8 17. g4 Bg6 18. Nh4 Nxg4 19. Nxg6 Bxf2+ 20. Kg2 fxg6 21.
hxg4 Bxe1 22. Nf3 Qe6 23. Nh2 Nc4 24. Bg5 Bh4 25. Bc1 Rf8 26. Kh3 Be7 27. b3
Nd6 28. cxb4 h5 29. Qd3 Qf6 30. g5 Qe6+ 31. Kh4 Kh7 32. Be3 Rf7 33. Rc1 Bd8 34.
Rc6 Qd7 35. Qc2 Rf3 36. Qg2 Rxe3 37. Nf1 Rxe4+ 0-1

[Event "Deutsche Ländermeisterschaft 2015"]
[Site "Hannover GER"]
[Date "2015.10.06"]
[Round "6"]
[White "Woelk, Tom-Frederic"]
[Black "Browning, Rebecca"]
[Result "1/2-1/2"]
[Termination "normal"]
[Board "4.6"]
[WhiteElo "1806"]
[BlackElo "1589"]
[WhiteClock "00:24:19"]
[BlackClock "00:49:16"]
[WhiteTeam "Hamburg"]
[BlackTeam "Nordrhein-Westfalen"]
[PlyCount "57"]
[WhiteFideId "12993077"]
[BlackFideId "12984027"]
[EventCountry "GER"]
[EventRounds "7"]
[EventType "team-swiss"]
[EventDate "2015.10.02"]

1. e4 b6 2. d4 Bb7 3. Nc3 e6 4. Bd3 Nf6 5. Nge2 Bb4 6. a3 Be7 7. O-O d6 8. Ng3
c5 9. Bb5+ Nbd7 10. d5 exd5 11. Nxd5 O-O 12. Re1 a6 13. Bxd7 Nxd5 14. Bh3 Nf6
15. Nf5 Re8 16. f3 Bf8 17. c4 Bc8 18. Bf4 Bxf5 19. Bxf5 g6 20. Bh3 Nh5 21. Bd2
Bg7 22. Qc1 Bd4+ 23. Be3 Bxe3+ 24. Qxe3 Qf6 25. Qd2 Rad8 26. g4 Qxf3 27. Re3
Qf4 28. gxh5 Rxe4 29. Rae1 1/2-1/2

[Event "Deutsche Ländermeisterschaft 2015"]
[Site "Hannover GER"]
[Date "2015.10.06"]
[Round "6"]
[White "Kracht, Raphael"]
[Black "Christiansen, Anna"]
[Result "1/2-1/2"]
[Termination "normal"]
[Board "4.7"]
[WhiteElo "1532"]
[BlackElo "1467"]
[WhiteClock "00:13:30"]
[BlackClock "00:09:24"]
[WhiteTeam "Nordrhein-Westfalen"]
[BlackTeam "Hamburg"]
[PlyCount "70"]
[WhiteFideId "16214382"]
[BlackFideId "12952230"]
[EventCountry "GER"]
[EventRounds "7"]
[EventType "team-swiss"]
[EventDate "2015.10.02"]

1. e4 d5 2. exd5 Qxd5 3. Nc3 Qd6 4. d4 Nf6 5. h3 a6 6. Nf3 e6 7. Bd3 Be7 8. O-O
O-O 9. Be3 Nbd7 10. Ne2 b5 11. a4 b4 12. Bf4 Qb6 13. Ne5 Nxe5 14. Bxe5 a5 15.
c3 Bb7 16. Ng3 g6 17. Bxf6 Bxf6 18. Ne4 Bxe4 19. Bxe4 Rad8 20. Qf3 Bg7 21. Rfd1
c5 22. d5 exd5 23. Bxd5 bxc3 24. bxc3 Qf6 25. Qxf6 Bxf6 26. Rac1 Rfe8 27. c4
Kg7 28. Re1 h6 29. Kf1 Bd4 30. Rb1 Bc3 31. Re2 Bb4 32. f3 Rxe2 33. Kxe2 Re8+
34. Kf2 h5 35. Rb2 Rh8 1/2-1/2

[Event "Deutsche Ländermeisterschaft 2015"]
[Site "Hannover GER"]
[Date "2015.10.06"]
[Round "6"]
[White "Kieckbusch, Lotta"]
[Black "Müdder, Melanie"]
[Result "0-1"]
[Termination "normal"]
[Board "4.8"]
[WhiteElo "993"]
[BlackElo "1585"]
[WhiteClock "00:21:58"]
[BlackClock "01:07:10"]
[WhiteTeam "Hamburg"]
[BlackTeam "Nordrhein-Westfalen"]
[PlyCount "92"]
[WhiteFideId "16214390"]
[BlackFideId "12994103"]
[EventCountry "GER"]
[EventRounds "7"]
[EventType "team-swiss"]
[EventDate "2015.10.02"]

1. d4 Nf6 2. Nf3 c5 3. Bf4 d6 4. dxc5 Qa5+ 5. Nbd2 Qxc5 6. e3 g6 7. h3 Bg7 8.
Bh2 O-O 9. Be2 Bd7 10. O-O Bc6 11. c3 Nbd7 12. Qc2 a5 13. a3 a4 14. b4 axb3 15.
Qxb3 Rfb8 16. Rfd1 Ba4 17. Qb2 Bxd1 18. Bxd1 Nd5 19. Ne4 Qc4 20. Bc2 Nxc3 21.
Nd4 Ne2+ 22. Kh1 Nxd4 23. exd4 Bxd4 24. Qc1 Bxa1 25. Qxa1 Qxc2 26. f3 Rc8 27.
Qf1 Qc1 28. Qxc1 Rxc1+ 29. Bg1 Rxa3 30. Kh2 Rc2 31. Bd4 Rxf3 32. Ng5 Rd3 33.
Bg1 Rdd2 34. Be3 Rxg2+ 35. Kh1 Rge2 36. Bd4 Rc1+ 37. Bg1 Ne5 38. h4 Ree1 39.
Nh3 Nf3 40. Kg2 Nxg1 41. Nxg1 Rxg1+ 42. Kf3 Rc3+ 43. Kf2 Rgg3 44. Ke2 Rc2+ 45.
Kd1 Rh2 46. Ke1 Rg1# 0-1

[Event "Deutsche Ländermeisterschaft 2015"]
[Site "Hannover GER"]
[Date "2015.10.06"]
[Round "6"]
[White "Noe, Christopher"]
[Black "Vöge, Tobias"]
[Result "1-0"]
[Termination "normal"]
[Board "5.1"]
[WhiteTitle "FM"]
[WhiteElo "2407"]
[BlackElo "2213"]
[WhiteClock "00:29:24"]
[BlackClock "00:05:31"]
[WhiteTeam "Baden 1"]
[BlackTeam "Niedersachsen 1"]
[PlyCount "51"]
[WhiteFideId "24692018"]
[BlackFideId "1270513"]
[EventCountry "GER"]
[EventRounds "7"]
[EventType "team-swiss"]
[EventDate "2015.10.02"]

1. d4 e6 2. c4 Bb4+ 3. Nd2 f5 4. Ngf3 Nf6 5. e3 O-O 6. Bd3 b6 7. O-O Bb7 8. a3
Be7 9. Qc2 a5 10. e4 fxe4 11. Nxe4 Nxe4 12. Bxe4 Bxe4 13. Qxe4 Na6 14. Bf4 Bf6
15. Rfe1 Re8 16. Be5 c6 17. Bd6 Be7 18. Bxe7 Qxe7 19. Re3 Rad8 20. Ne5 Rf8 21.
Rh3 g6 22. Nxg6 hxg6 23. Qxg6+ Qg7 24. Qe4 Rf5 25. Rg3 Rg5 26. Qh4 1-0

[Event "Deutsche Ländermeisterschaft 2015"]
[Site "Hannover GER"]
[Date "2015.10.06"]
[Round "6"]
[White "Diederichs, Luise"]
[Black "Ruff, Maximilian"]
[Result "0-1"]
[Termination "normal"]
[Board "5.2"]
[BlackTitle "FM"]
[WhiteElo "1974"]
[BlackElo "2318"]
[WhiteClock "00:20:59"]
[BlackClock "00:08:32"]
[WhiteTeam "Niedersachsen 1"]
[BlackTeam "Baden 1"]
[PlyCount "50"]
[WhiteFideId "24661597"]
[BlackFideId "1271670"]
[EventCountry "GER"]
[EventRounds "7"]
[EventType "team-swiss"]
[EventDate "2015.10.02"]

1. c4 b6 2. Nc3 Bb7 3. d4 e6 4. e4 Bb4 5. Bd3 f5 6. Qe2 Nf6 7. Bg5 fxe4 8. Bxe4
Nxe4 9. Bxd8 Nxc3 10. bxc3 Bxc3+ 11. Kf1 Bxa1 12. Bxc7 O-O 13. Qd1 Bb2 14. Ne2
Nc6 15. f3 Na5 16. c5 Rac8 17. Bd6 Nc4 18. Kf2 Rf5 19. Qa4 Nxd6 20. cxd6 Bc6
21. Qb4 Rb5 22. Qc4 Ba3 23. Rd1 Bxd6 24. Rd2 Ra5 25. Nc3 Bb7 0-1

[Event "Deutsche Ländermeisterschaft 2015"]
[Site "Hannover GER"]
[Date "2015.10.06"]
[Round "6"]
[White "Gschnitzer, Adrian"]
[Black "Ewert, Hannes"]
[Result "1/2-1/2"]
[Termination "normal"]
[Board "5.3"]
[WhiteElo "2116"]
[BlackElo "2107"]
[WhiteClock "00:46:17"]
[BlackClock "00:45:29"]
[WhiteTeam "Baden 1"]
[BlackTeam "Niedersachsen 1"]
[PlyCount "83"]
[WhiteFideId "1270337"]
[BlackFideId "12961574"]
[EventCountry "GER"]
[EventRounds "7"]
[EventType "team-swiss"]
[EventDate "2015.10.02"]

1. e4 c5 2. Nf3 Nc6 3. d4 cxd4 4. Nxd4 g6 5. Nc3 Bg7 6. Be3 Nf6 7. Bc4 O-O 8.
Bb3 d6 9. f3 Bd7 10. Qd2 Rc8 11. O-O-O Ne5 12. g4 b5 13. a3 a5 14. h4 b4 15.
axb4 axb4 16. Nb1 Qa5 17. h5 Ba4 18. hxg6 Bxb3 19. gxh7+ Kh8 20. Nxb3 Qa2 21.
Qxb4 Nd5 22. Rxd5 Nd3+ 23. Rxd3 Qxb2+ 24. Kd2 Qxc2+ 25. Ke1 Qxd3 26. Kf2 Rb8
27. Qd2 Rxb3 28. Qxd3 Rxd3 29. Ke2 Rb3 30. Nd2 Rb2 31. f4 Rc8 32. g5 Rb5 33.
Kf3 Rc3 34. f5 d5 35. exd5 Rxd5 36. Ne4 Rc4 37. f6 exf6 38. gxf6 Bxf6 39. Nxf6
Rf5+ 40. Ke2 Rxf6 41. Kd3 Rg4 42. Bd4 1/2-1/2

[Event "Deutsche Ländermeisterschaft 2015"]
[Site "Hannover GER"]
[Date "2015.10.06"]
[Round "6"]
[White "Manusina, Nicole"]
[Black "Wiesner, Paula"]
[Result "0-1"]
[Termination "normal"]
[Board "5.4"]
[WhiteElo "1847"]
[BlackElo "2103"]
[WhiteClock "00:01:53"]
[BlackClock "00:09:53"]
[WhiteTeam "Niedersachsen 1"]
[BlackTeam "Baden 1"]
[PlyCount "86"]
[WhiteFideId "24657514"]
[BlackFideId "24654019"]
[EventCountry "GER"]
[EventRounds "7"]
[EventType "team-swiss"]
[EventDate "2015.10.02"]

1. d4 e6 2. c4 Bb4+ 3. Nc3 f5 4. g3 Nf6 5. Bg2 O-O 6. Nf3 d6 7. O-O Qe7 8. Qb3
Bxc3 9. Qxc3 Ne4 10. Qc2 e5 11. b3 Nd7 12. Bb2 b6 13. Nh4 Ndf6 14. f3 Ng5 15.
Nxf5 Bxf5 16. Qxf5 Nd7 17. Qd3 Rad8 18. e4 exd4 19. Qxd4 Nf6 20. Rae1 Ne6 21.
Qc3 Nc5 22. Qc2 Rfe8 23. b4 Ncd7 24. f4 a5 25. a3 Kh8 26. Bf3 Qe6 27. e5 dxe5
28. fxe5 Ng4 29. Bd5 Qh6 30. Rf4 Ndxe5 31. Bc3 c6 32. Bf7 Re7 33. h4 Rxf7 34.
Rxf7 Nxf7 35. Qe4 Nf6 36. Qe7 Qg6 37. Re3 h6 38. Rf3 Rd3 39. Qf8+ Kh7 40. Rxd3
Qxd3 41. Bxf6 Qxg3+ 42. Kh1 Qf3+ 43. Kh2 Qxf6 0-1

[Event "Deutsche Ländermeisterschaft 2015"]
[Site "Hannover GER"]
[Date "2015.10.06"]
[Round "6"]
[White "Färber, David"]
[Black "Polster, Christian"]
[Result "1-0"]
[Termination "normal"]
[Board "5.5"]
[WhiteElo "2021"]
[BlackElo "2057"]
[WhiteClock "00:18:14"]
[BlackClock "00:19:02"]
[WhiteTeam "Baden 1"]
[BlackTeam "Niedersachsen 1"]
[PlyCount "63"]
[WhiteFideId "12971294"]
[BlackFideId "12965081"]
[EventCountry "GER"]
[EventRounds "7"]
[EventType "team-swiss"]
[EventDate "2015.10.02"]

1. e4 c5 2. Nf3 d6 3. d4 cxd4 4. Nxd4 Nf6 5. Nc3 a6 6. Bg5 Nbd7 7. Qe2 e6 8.
O-O-O Be7 9. f4 O-O 10. g4 h6 11. h4 Nh7 12. Bxe7 Qxe7 13. g5 Rd8 14. Qh5 Qf8
15. Bc4 g6 16. Qxh6 Qxh6 17. gxh6 b5 18. Bxe6 fxe6 19. Nxe6 Re8 20. Nc7 Bb7 21.
Nxa8 Bxa8 22. Rxd6 Nhf8 23. Rxa6 Nc5 24. Rb6 Nxe4 25. Nxe4 Bxe4 26. Re1 Nd7 27.
Rxb5 Nf6 28. Re5 Bc6 29. Rxe8+ Bxe8 30. Re5 Bd7 31. b4 Nh5 32. b5 1-0

[Event "Deutsche Ländermeisterschaft 2015"]
[Site "Hannover GER"]
[Date "2015.10.06"]
[Round "6"]
[White "Schulze, Lara"]
[Black "Hund, Sarah"]
[Result "1/2-1/2"]
[Termination "normal"]
[Board "5.6"]
[WhiteElo "1927"]
[BlackElo "1916"]
[WhiteClock "00:14:00"]
[BlackClock "00:21:27"]
[WhiteTeam "Niedersachsen 1"]
[BlackTeam "Baden 1"]
[PlyCount "102"]
[WhiteFideId "12956830"]
[BlackFideId "12923338"]
[EventCountry "GER"]
[EventRounds "7"]
[EventType "team-swiss"]
[EventDate "2015.10.02"]

1. e4 e5 2. Nf3 Nc6 3. d4 exd4 4. Nxd4 Nf6 5. Nc3 Bb4 6. Nxc6 bxc6 7. Bd3 d5 8.
exd5 Qe7+ 9. Qe2 Qxe2+ 10. Kxe2 cxd5 11. a3 Ba5 12. b4 Bb6 13. Bb2 Bd7 14. Rhe1
O-O 15. Kf1 Rfe8 16. h3 Kf8 17. Rxe8+ Rxe8 18. Rd1 h6 19. Bb5 c6 20. Be2 Bf5
21. Bd3 Bxd3+ 22. cxd3 Nd7 23. Na4 f6 24. Rc1 Rc8 25. Nxb6 axb6 26. Ke2 b5 27.
Bd4 Ke7 28. Ke3 Kd6 29. f4 Ra8 30. Rc3 Re8+ 31. Kf3 Re1 32. Bf2 Rd1 33. Ke2 Ra1
34. Kf3 Rd1 35. g4 g5 36. Bg3 Ke7 37. fxg5 hxg5 38. Ke2 Rh1 39. Rxc6 Rxh3 40.
Bd6+ Kf7 41. a4 bxa4 42. Ra6 Ne5 43. Bxe5 fxe5 44. Rxa4 Rh2+ 45. Ke3 Rb2 46.
Ra7+ Ke6 47. Rb7 d4+ 48. Kf3 Rd2 49. Rb6+ Kd5 50. Rb5+ Ke6 51. Rb6+ Kd5 1/2-1/2

[Event "Deutsche Ländermeisterschaft 2015"]
[Site "Hannover GER"]
[Date "2015.10.06"]
[Round "6"]
[White "Wu, Leon"]
[Black "Helmer, Jan"]
[Result "1-0"]
[Termination "normal"]
[Board "5.7"]
[WhiteElo "1689"]
[BlackElo "1767"]
[WhiteClock "01:06:26"]
[BlackClock "01:05:02"]
[WhiteTeam "Baden 1"]
[BlackTeam "Niedersachsen 1"]
[PlyCount "67"]
[WhiteFideId "12977438"]
[BlackFideId "12956686"]
[EventCountry "GER"]
[EventRounds "7"]
[EventType "team-swiss"]
[EventDate "2015.10.02"]

1. e4 e6 2. d4 d5 3. Nc3 Nf6 4. e5 Nfd7 5. f4 c5 6. Nf3 Nc6 7. Be3 a6 8. Qd2 b5
9. Be2 Qb6 10. Nd1 cxd4 11. Nxd4 Nxd4 12. Bxd4 Bc5 13. c3 Bxd4 14. cxd4 Bb7 15.
O-O O-O 16. Ne3 f6 17. Bd3 fxe5 18. fxe5 Kh8 19. Bc2 Nxe5 20. dxe5 d4 21. Qd3
g6 22. Ng4 Qc6 23. Qe2 a5 24. Nf6 Rad8 25. Be4 Qb6 26. Bxb7 d3+ 27. Qf2 Qxb7
28. Rad1 Qc7 29. Qh4 h5 30. Qg5 Qg7 31. Rf3 Rc8 32. Rh3 Rc2 33. Rxh5+ gxh5 34.
Qxh5+ 1-0

[Event "Deutsche Ländermeisterschaft 2015"]
[Site "Hannover GER"]
[Date "2015.10.06"]
[Round "6"]
[White "Brunner, Sophia"]
[Black "Basovskiy, Jana"]
[Result "1/2-1/2"]
[Termination "normal"]
[Board "5.8"]
[WhiteElo "1546"]
[BlackElo "1285"]
[WhiteClock "01:17:58"]
[BlackClock "01:04:53"]
[WhiteTeam "Niedersachsen 1"]
[BlackTeam "Baden 1"]
[PlyCount "40"]
[WhiteFideId "12960683"]
[BlackFideId "16208617"]
[EventCountry "GER"]
[EventRounds "7"]
[EventType "team-swiss"]
[EventDate "2015.10.02"]

1. e4 c5 2. c3 Nf6 3. e5 Nd5 4. d4 cxd4 5. Nf3 e6 6. cxd4 Nc6 7. Bc4 Nb6 8. Bd3
d5 9. O-O Be7 10. a3 h6 11. Nc3 O-O 12. Bc2 h5 13. Qd3 g6 14. Ne2 Kg7 15. Ng3
Rh8 16. Nd2 Bd7 17. f4 Qc8 18. Nf3 Qd8 19. Ng5 Qe8 20. h3 Rc8 1/2-1/2

[Event "Deutsche Ländermeisterschaft 2015"]
[Site "Hannover GER"]
[Date "2015.10.06"]
[Round "6"]
[White "Fidorra, Thomas"]
[Black "Grunau, Christoph"]
[Result "1-0"]
[Termination "normal"]
[Board "6.1"]
[WhiteElo "1972"]
[BlackElo "2194"]
[WhiteTeam "Mecklenburg-Vorpommern"]
[BlackTeam "Baden 2"]
[PlyCount "53"]
[WhiteFideId "12913332"]
[BlackFideId "12929760"]
[EventCountry "GER"]
[EventRounds "7"]
[EventType "team-swiss"]
[EventDate "2015.10.02"]

1. e4 d6 2. d4 Nf6 3. Nc3 e5 4. dxe5 dxe5 5. Qxd8+ Kxd8 6. Bg5 c6 7. O-O-O+ Ke8
8. f4 Be7 9. Be2 h6 10. Bxf6 Bxf6 11. Nf3 Nd7 12. f5 h5 13. h4 Be7 14. Ng5 b5
15. Rh3 Nc5 16. b4 f6 17. bxc5 fxg5 18. Nxb5 cxb5 19. Bxb5+ Kf7 20. Bc4+ Kf8
21. Rb3 a5 22. c6 Rh6 23. c7 Bc5 24. Be6 Ke7 25. Rb8 Be3+ 26. Kb2 Ra7 27. Rxc8
1-0